000 00586nam a2200229Ia 4500
003 OSt
005 20221006164101.0
006 a|||||r|||| 00| 0
007 ta
008 221006b |||||||| |||| 00| 0 eng d
024 _a562
037 _cTextual
040 _aFML
_cFML
_beng
041 _2eng
_aeng
082 _aO111,3M12,2, K3
100 _aDickens Charles Au.
245 0 _aOur Mutual Friend
260 _aLondon
_bCollins
_c1963
300 _a768
_ccm.
942 _hO111,3M12,2, K3
_cTEXL
_2CC
999 _c1116174
_d1116174